Болезненные симптомы "нефтяной лихорадки"; Нефть России; № 6

Xehetasun bibliografikoak
Parent link:Нефть России: аналитический журнал.— , 1996, 1999-2012
№ 6.— 2003.— С. 87-91
Egile nagusia: Стейнер Р.
Hizkuntza:errusiera
Argitaratua: 2003
Saila:Опыт
Gaiak:
Formatua: Liburu kapitulua
KOHA link:https://koha.lib.tpu.ru/cgi-bin/koha/opac-detail.pl?biblionumber=386887

MARC

LEADER 00000naa2a2200000 4500
001 386887
005 20231101063526.0
035 |a (RuTPU)RU\TPU\prd\16059 
090 |a 386887 
100 |a 20030708a2003 k y0rusy50 ca 
101 0 |a rus 
102 |a RU 
200 1 |a Болезненные симптомы "нефтяной лихорадки"  |f Р. Стейнер 
225 1 |a Опыт 
461 1 |0 (RuTPU)RU\TPU\prd\1610  |t Нефть России  |o аналитический журнал  |d 1996, 1999-2012 
463 1 |0 (RuTPU)RU\TPU\prd\15772  |t № 6  |v С. 87-91  |d 2003 
610 1 |a Аляска 
610 1 |a государственная политика 
610 1 |a "нефтяное Эльдорадо" 
610 1 |a природные ресурсы 
610 1 |a налогообложение 
700 1 |a Стейнер  |b Р. 
801 1 |a RU  |b 63413507  |c 20030708  |g PSBO 
801 2 |a RU  |b 63413507  |c 20130802  |g RCR 
942 |c BK